000 00547nam a2200205Ia 4500
005 20150202141350.0
008 131103s9999 xx 000 0 und d
020 _a9788125925316
_c400.00
040 _aLoreto College
041 _aEnglish
082 _a370.954
_bAGG
100 _aAggarwal,J.C.
245 _aDevelopment and planning of modern education
_cJ.C.Aggarwal
250 _a9th ed.
260 _aDelhi
_bVikas Publishing House
_c2013
300 _aviii,602 p.
_b22cm
650 _aEducation-India
850 _aLCLIB
942 _cBK
999 _c39785
_d90264